All F1 Grand Prix Winners - Statistics

General Stats
  • This quiz has been taken 90,537 times
    34,276 since last reset
  • The average score is 44 of 115
Answer Stats
# Country First Win Driver % Correct
105 UK 2007 Lewis Hamilton
99%
71 Netherlands 2016 Max Verstappen
98%
91 Germany 1992 Michael Schumacher
95%
41 Brazil 1985 Ayrton Senna
92%
32 Spain 2003 Fernando Alonso
92%
6 Germany 2001 Ralf Schumacher
92%
53 Germany 2008 Sebastian Vettel
91%
11 UK 2024 Lando Norris
87%
8 Monaco 2019 Charles Leclerc
86%
51 France 1981 Alain Prost
84%
21 Finland 2003 Kimi Räikkönen
83%
4 Spain 2022 Carlos Sainz Jr
82%
9 Australia 2024 Oscar Piastri
82%
23 Germany 2012 Nico Rosberg
80%
5 Finland 1982 Keke Rosberg
79%
25 Austria 1974 Niki Lauda
79%
1 France 2020 Pierre Gasly
78%
1 France 2021 Esteban Ocon
76%
5 UK 2022 George Russell
75%
6 Mexico 2020 Sergio Pérez
75%
15 UK 2006 Jenson Button
74%
10 Finland 2017 Valtteri Bottas
74%
20 Finland 1997 Mika Häkkinen
73%
8 Australia 2014 Daniel Ricciardo
72%
22 UK 1993 Damon Hill
69%
24 Argentina 1950 Juan Manuel Fangio
69%
14 UK 1962 Graham Hill
68%
3 US 1960 Phil Hill
68%
23 Brazil 1980 Nelson Piquet
65%
31 UK 1985 Nigel Mansell
63%
11 Canada 1996 Jacques Villeneuve
62%
6 Canada 1978 Gilles Villeneuve
61%
10 UK 1975 James Hunt
59%
9 Australia 2009 Mark Webber
58%
1 Germany 1975 Jochen Mass
57%
14 Brazil 1970 Emerson Fittipaldi
54%
27 UK 1965 Jackie Stewart
54%
13 Italy 1951 Alberto Ascari
52%
11 Brazil 2006 Felipe Massa
52%
11 Brazil 2000 Rubens Barrichello
52%
14 Australia 1959 Jack Brabham
49%
12 US 1971 Mario Andretti
48%
5 Italy 1950 Giuseppe Farina
47%
25 UK 1962 Jim Clark
46%
7 Colombia 2001 Juan Pablo Montoya
46%
1 Poland 2008 Robert Kubica
46%
13 UK 1995 David Coulthard
44%
1 Venezuela 2012 Pastor Maldonado
43%
12 Australia 1977 Alan Jones
41%
10 South Africa 1974 Jody Scheckter
41%
6 Austria 1969 Jochen Rindt
38%
4 New Zealand 1959 Bruce McLaren
36%
16 UK 1955 Stirling Moss
35%
8 New Zealand 1967 Denny Hulme
33%
6 UK 1963 John Surtees
33%
3 UK 1953 Mike Hawthorn
33%
1 Finland 2008 Heikki Kovalainen
32%
10 Austria 1986 Gerhard Berger
31%
3 Italy 2003 Giancarlo Fisichella
31%
8 Belgium 1968 Jacky Ickx
31%
1 Italy 2004 Jarno Trulli
29%
4 UK 1999 Eddie Irvine
28%
3 Germany 1997 Heinz-Harald Frentzen
26%
1 France 1995 Jean Alesi
25%
12 Argentina 1974 Carlos Reutemann
24%
10 Sweden 1973 Ronnie Peterson
23%
5 Switzerland 1970 Clay Regazzoni
22%
1 France 1996 Olivier Panis
22%
6 Italy 1982 Riccardo Patrese
22%
7 France 1980 René Arnoux
19%
3 UK 1995 Johnny Herbert
17%
5 Italy 1982 Michele Alboreto
17%
3 France 1980 Didier Pironi
16%
2 Mexico 1967 Pedro Rodríguez
15%
2 Italy 1982 Elio de Angelis
14%
5 UK 1976 John Watson
14%
2 Germany 1961 Wolfgang von Trips
14%
6 France 1977 Jacques Laffite
13%
2 Argentina 1951 José Froilán González
13%
3 Belgium 1989 Thierry Boutsen
13%
1 France 1971 François Cevert
12%
1 Italy 1989 Alessandro Nannini
11%
1 Brazil 1975 José Carlos Pace
11%
6 UK 1957 Tony Brooks
11%
2 France 1979 Jean-Pierre Jabouille
10%
1 Italy 1951 Luigi Fagioli
10%
2 France 1982 Patrick Tambay
10%
3 UK 1956 Peter Collins
10%
4 US 1962 Dan Gurney
9%
1 Italy 1956 Luigi Musso
8%
2 France 1955 Maurice Trintignant
8%
2 France 1978 Patrick Depailler
8%
1 Sweden 1977 Gunnar Nilsson
7%
1 Sweden 1959 Jo Bonnier
7%
2 Switzerland 1968 Jo Siffert
7%
1 Italy 1964 Lorenzo Bandini
7%
1 US 1965 Richie Ginther
7%
1 Italy 1975 Vittorio Brambilla
7%
2 US 1953 Bill Vukovich
6%
1 Italy 1961 Giancarlo Baghetti
6%
1 UK 1961 Innes Ireland
6%
1 France 1972 Jean-Pierre Beltoise
6%
2 US 1973 Peter Revson
6%
1 Italy 1952 Piero Taruffi
6%
1 Italy 1966 Ludovico Scarfiotti
5%
1 UK 1971 Peter Gethin
5%
1 US 1960 Jim Rathmann
4%
1 US 1950 Johnnie Parsons
4%
1 US 1951 Lee Wallard
4%
1 US 1959 Rodger Ward
4%
1 US 1957 Sam Hanks
4%
1 US 1952 Troy Ruttman
4%
1 US 1955 Bob Sweikert
3%
1 US 1958 Jimmy Bryan
3%
1 US 1956 Pat Flaherty
3%
No matching quizzes found
Score Distribution
Percent of People with Each Score
Percentile by Number Answered
Your Score History
You have not taken this quiz since the last reset